00500 2200193 4500001002100000005001500021035002000036007000300056008004100059020002100100082000800121084001400129100001300143245005700156250000600213260005200219300002100271600001400292INLIS00000000000089320220613075842 a0010-0622000037ta220613 g 0 ind  a978-602-1989-1-9 a297 a297 ISN k0 aIsnawati1 aKumpulan Tanya Jawab Seputar Darah Nifas /cIsnawati a1 aJakarta Selatan :bRumah Fikih Publising,c2019 a41 hlm. ;c20 cm 4aNon Fiksi